| 000 | 00679cam a22002295a 4500 | ||
|---|---|---|---|
| 008 | 150817t2002 ad f||||| 00| 0 eng d | ||
| 020 | _a8120311272 | ||
| 020 | _a9788120311275 | ||
| 040 |
_aEG-ScBUE _beng _cEG-ScBUE |
||
| 082 | 0 | 4 |
_a620.1 _bSHA _222 |
| 100 | 1 | _aShames, Irving H. | |
| 245 | 1 | 0 |
_aEngineering mechanics _bStatics and dynamics/ _cIrving H. Shames |
| 250 | _a4th ed. | ||
| 260 |
_aNew Delhi ; _bPrentice Hall of India , _c2002. |
||
| 300 |
_axvi , 1024 p. _bill , col . |
||
| 590 | _amustafa galal. | ||
| 650 |
_aMechanics, Applied _2BUEsh |
||
| 650 |
_aStatics _2BUEsh |
||
| 650 |
_aDynamics _2BUEsh |
||
| 651 | _2BUEsh | ||
| 942 |
_cBB _k620.1S5282 _2ddc |
||
| 999 |
_c139 _d139 |
||